| 000 | 00585nam a2200181Ia 4500 | ||
|---|---|---|---|
| 008 | 151018s9999 xx 000 0 und d | ||
| 082 |
_bRBASDV3346 _a891.433 |
||
| 100 | _aरवींद्रनाथ टागोर | ||
| 245 | _aकाबुलावला | ||
| 250 | _b3 | ||
| 260 | _bधन्यकुमार जैन | ||
| 300 | _a120 | ||
| 600 | _aरवींद्रनाथ टागोर | ||
| 630 | _aकाबुलावला | ||
| 700 | _aरवींद्रनाथ टागोर | ||
| 730 | _aकाबुलावला | ||
| 942 | _cBOOK | ||
| 999 |
_c1005758 _d1005755 |
||